Closest Countries to North Korea Quiz Stats

 Plays Quiz Updated Jun 16, 2017

Support Sporcle.
Go Orange.
Score 0/20 Timer 03:00
5 Plays Today
Distance Country % Correct
0 kmSouth Korea
99.6%
0 kmChina
99.3%
418 kmJapan
97.6%
0 kmRussia
96.8%
2,380 kmVietnam
89.9%
770 kmMongolia
87.5%
2,748 kmIndia
86.6%
2,709 kmLaos
85.8%
2,954 kmThailand
84.1%
3,073 kmCambodia
81.4%
Distance Country % Correct
1,327 kmTaiwan
79.5%
1,866 kmPhilippines
74.7%
2,549 kmUnited States
73.9%
2,671 kmMyanmar
72.9%
3,460 kmMalaysia
70.7%
3,245 kmBhutan
62.5%
3,444 kmBangladesh
62.4%
3,067 kmKazakhstan
48.9%
3,336 kmMicronesia
32.4%
3,390 kmPalau
32.3%

You're not logged in!

Compare scores with friends on all Sporcle quizzes.
OR
Log In
Forgot?

From the Vault

Magical Movie Dreams

by BigAl1994

Ah, cinema. The art of our dreams.
Remove Ads.
Support Sporcle.
Get the best of Sporcle when you Go Orange. This ad-free experience offers more features, more stats, and more fun while also helping to support Sporcle. Thank you for becoming a member.

Show Comments

Extras

Top Quizzes Today


Score Distribution

Your Account Isn't Verified!

In order to create a playlist on Sporcle, you need to verify the email address you used during registration. Go to your Sporcle Settings to finish the process.

Report this User

Report this user for behavior that violates our Community Guidelines.

Details: